000 00390nam a2200157 i 4500
001 bg
100 1 _aAHRENDT, William R.
245 0 _aSerwomechanizmy w ujęciu praktycznym /
_cW.R. Ahrendt, C.J. Savant.
260 _aWarszawa,
_c1964.
700 1 _aSAVANT, Clement J.
040 _cBPK
041 _apol
080 _a681.5
942 _cKS
008 s pl f |000 0 pol
999 _c6063
_d6063
856 _uhttp://koha.tu.koszalin.pl/cgi-bin/koha/opac-detail.pl?biblionumber=6063
_yKatalog online BPK